[Event "Asia IPCA-ch U20 Online"]
[Site "Tornelo INT"]
[Date "2022.06.26"]
[Round "7"]
[White "Jamali, Pouria"]
[Black "Sardari, Parsa"]
[Result "0-1"]
[WhiteElo "1774"]
[BlackElo "1498"]
[PlyCount "66"]
[EventDate "2022.06.24"]
[EventType "swiss"]
[EventRounds "7"]
[EventCountry "NET"]
[SourceTitle "EXT 2023"]
[Source "ChessBase"]
[SourceDate "2022.10.05"]
[SourceVersion "1"]
[SourceVersionDate "2022.10.05"]
[SourceQuality "1"]

1. e4 c5 2. c3 e6 3. d4 d5 4. exd5 exd5 5. Nf3 Nf6 6. Bb5+ Bd7 7. Bxd7+ Nbxd7 8. 0-0 Be7 9. dxc5 Nxc5 10. Nd4 Qd7 11. Bf4 0-0 12. Na3 a6 13. Nac2 Rfe8 14. Ne3 Ne6 15. Bg3 Nxd4 16. Qxd4 Rac8 17. Qd3 Rcd8 18. Rad1 Qa4 19. a3 Rd7 20. Nf5 Bf8 21. Rfe1 g6 22. Nd4 Ne4 23. f3 Nc5 24. Qd2 Rde7 25. Rxe7 Bxe7 26. Re1 Bf6 27. Rxe8+ Qxe8 28. Ne2 Nb3 29. Qxd5 Qxe2 30. Qxb3 Bg5 31. Bf2 Be3 32. h4 Qxf2+ 33. Kh2 Qxh4# 0-1

[Event "Asia IPCA-ch U20 Online"]
[Site "Tornelo INT"]
[Date "2022.06.24"]
[Round "2"]
[White "Rakhatbekov, Tilegen"]
[Black "Jamali, Pouria"]
[Result "0-1"]
[WhiteElo "1569"]
[BlackElo "1774"]
[PlyCount "96"]
[EventDate "2022.06.24"]
[EventType "swiss"]
[EventRounds "7"]
[EventCountry "NET"]
[SourceTitle "EXT 2023"]
[Source "ChessBase"]
[SourceDate "2022.10.05"]
[SourceVersion "1"]
[SourceVersionDate "2022.10.05"]
[SourceQuality "1"]

1. d4 Nf6 2. c4 g6 3. Nc3 Bg7 4. e4 d6 5. Nf3 0-0 6. Bd3 e5 7. d5 Nbd7 8. 0-0 Ne8 9. h3 f5 10. exf5 gxf5 11. Bg5 Ndf6 12. Be2 h6 13. Bh4 Qe7 14. Re1 Qf7 15. c5 Kh8 16. Rc1 Rg8 17. cxd6 cxd6 18. Nb5 Nxd5 19. Bc4 Be6 20. Nxd6 Nxd6 21. Nxe5 Bxe5 22. Rxe5 Nxc4 23. Rxc4 Nb6 24. Rxe6 Qxe6 25. Qd4+ Kh7 26. Rc7+ Kg6 27. Re7 Qc6 28. Qe3 Rae8 29. g4 Nd5 30. Rxe8 Nxe3 31. Rxg8+ Kh7 32. fxe3 Kxg8 33. gxf5 Qf3 34. f6 Qxh3 35. Bf2 Kf7 36. e4 Qg4+ 37. Kf1 Qxe4 38. b4 Qxb4 39. a4 Qxa4 40. Kg2 Qg4+ 41. Kf1 a5 42. Ke1 a4 43. Kf1 a3 44. Be1 a2 45. Kf2 a1Q 46. Bd2 Qad4+ 47. Be3 Qdd1 48. Bf4 Qde2# 0-1

[Event "IRI-ch U16"]
[Site "Chess.com INT"]
[Date "2021.01.16"]
[Round "3"]
[White "Biriya, Mohammadamin"]
[Black "Jamali, Pouria"]
[Result "1-0"]
[WhiteElo "1911"]
[BlackElo "1808"]
[PlyCount "105"]
[EventDate "2021.01.16"]
[EventType "swiss"]
[EventRounds "11"]
[EventCountry "IRI"]
[SourceTitle "EXT 2022"]
[Source "ChessBase"]
[SourceDate "2021.10.06"]
[SourceVersion "1"]
[SourceVersionDate "2021.10.06"]
[SourceQuality "1"]

1. d4 Nf6 2. Nf3 g6 3. Bf4 Bg7 4. e3 0-0 5. h3 d6 6. Nbd2 Nbd7 7. Be2 Re8 8. Nc4 Ne4 9. 0-0 b6 10. a4 Bb7 11. a5 b5 12. a6 Bd5 13. Ncd2 e5 14. dxe5 dxe5 15. Bh2 c6 16. Nxe4 Bxe4 17. Nd2 Bd5 18. c4 bxc4 19. Bxc4 Nb6 20. Rc1 Nxc4 21. Nxc4 Qg5 22. Bg3 f5 23. h4 Qe7 24. f3 Rad8 25. Qc2 Qc5 26. Bf2 e4 27. f4 Rb8 28. b3 Rec8 29. Be1 Bxc4 30. Qxc4+ Qxc4 31. bxc4 Rb6 32. Bc3 Rxa6 33. Bxg7 Kxg7 34. Rfd1 Rc7 35. Rb1 Rb6 36. Ra1 Rb4 37. c5 Rb3 38. Rd8 Rxe3 39. Ra8 Rb3 40. R1xa7 Rbb7 41. Rxb7 Rxb7 42. Rc8 e3 43. Kf1 Re7 44. Rxc6 e2+ 45. Ke1 Kh6 46. Rd6 Kh5 47. c6 Rc7 48. Kxe2 Kxh4 49. Kf3 Kh5 50. Rd7 g5 51. Rxc7 g4+ 52. Ke3 g3 53. Rxh7+ 1-0

[Event "IRI-ch U16"]
[Site "Chess.com INT"]
[Date "2021.01.16"]
[Round "4"]
[White "Jamali, Pouria"]
[Black "Teymori, Mohammad Reza"]
[Result "1-0"]
[WhiteElo "1808"]
[BlackElo "1264"]
[PlyCount "137"]
[EventDate "2021.01.16"]
[EventType "swiss"]
[EventRounds "11"]
[EventCountry "IRI"]
[SourceTitle "EXT 2022"]
[Source "ChessBase"]
[SourceDate "2021.10.06"]
[SourceVersion "1"]
[SourceVersionDate "2021.10.06"]
[SourceQuality "1"]

1. e4 e5 2. d4 exd4 3. Nf3 Nc6 4. Bc4 d6 5. Nxd4 Nxd4 6. Qxd4 Nf6 7. 0-0 Be7 8. Nc3 0-0 9. h3 Be6 10. Bxe6 fxe6 11. e5 Nd7 12. exd6 cxd6 13. Be3 b6 14. Qe4 e5 15. Rad1 Nf6 16. Qc4+ Kh8 17. Nd5 Rc8 18. Qb3 Nxd5 19. Rxd5 Qc7 20. c3 Qc4 21. Qxc4 Rxc4 22. Rc1 h6 23. b3 Rc6 24. c4 Bf6 25. Rcd1 Be7 26. Rf1 Kh7 27. f4 exf4 28. Rxf4 Rxf4 29. Bxf4 Rc5 30. Rxc5 dxc5 31. Bb8 a6 32. a4 Bd8 33. Kf2 Kg6 34. Ke3 Kf5 35. Bd6 h5 36. Kf3 g6 37. g4+ hxg4+ 38. hxg4+ Ke6 39. Bg3 Kd7 40. Ke4 Kc6 41. Bb8 b5 42. axb5+ axb5 43. Ke5 bxc4 44. bxc4 Bh4 45. Ke6 Kb6 46. Bd6 Kc6 47. Be7 Bf2 48. Kf6 Kb6 49. Kxg6 Ka5 50. Kf5 Kb4 51. g5 Kxc4 52. g6 Bd4 53. Bf6 Bxf6 54. Kxf6 Kd3 55. g7 c4 56. g8Q c3 57. Qg3+ Kd2 58. Qf2+ Kc1 59. Qe3+ Kb2 60. Qb6+ Kc1 61. Ke5 c2 62. Ke4 Kd1 63. Kd3 c1N+ 64. Ke3 Kc2 65. Qc6+ Kb2 66. Qb5+ Ka2 67. Kd2 Nb3+ 68. Kc3 Ka1 69. Kxb3 1-0